000 01126nam a2200313 i 4500
003 EG-GICUC
005 20260121101513.0
008 251216m19911412ts ||| ||||| 00| 0 ara|d
040 _a EG-GICUC
_bara
_c EG-GICUC
_d EG-GICUC
_erda
041 _aara
082 0 4 _221
_a343.6
_bح س . ن
092 0 4 _221
099 _aLaw1 10 343.6 ح س . ن 1991
100 0 _aحسن محمد ربيع
_eمؤلف.
245 1 0 _aمبادئ علمي الإجرام والعقاب /
_cحسن محمد ربيع.
264 1 _aدبي :
_bكلية شرطة دبي,
_c1991.
300 _a؛ 623 صفحة
_c24 سم.
336 _2rda content
_atext
337 _2rda media
_aComputer
338 _2rda carrier
_aOnline Resource
504 _aيحتوي على ارجاعات ببليوجرافية
546 _aالنص أغلبه باللغة العربية بعض النصوص الإنجليزية والفرنسية
650 1 4 _aعلم الإجرام
_2qrmak
650 1 4 _aعلم العقاب
651 1 _2qrmak
856 4 0 _uhttps://fll.law.cu.edu.eg/fulltext/bks/B10-07109.pdf
905 _a75
942 _2ddc
_cBK
_e21
_n0
999 _c50987
_d50987